| 000 | 00660nam a22002171i 4500 | ||
|---|---|---|---|
| 001 | 15661 | ||
| 090 | _a15661 | ||
| 010 | _a9789728162757 | ||
| 100 | _a20170304u u u0frey50 ba | ||
| 101 | 1 |
_apor _ceng |
|
| 200 | 1 |
_fMark Greener _aTempo Para Tudo _eOrganização e Gestão Pessoal |
|
| 215 |
_a188[4]p _d24 cm |
||
| 702 | 1 |
_aMendes _bJoão _4540 |
|
| 700 | 1 |
_aGreener _bMark _4070 |
|
| 701 | 1 |
_aLemos _bAlexandra _4730 |
|
| 210 |
_cDeco Pro Teste _aLisboa _d2004 |
||
| 225 | 2 | _aGuias práticos | |
| 410 | 0 | _tGuias práticos | |
| 676 | _a159.923 | ||
| 996 |
_f0019484 _k159.9 GRE _m00000000 _n00000000 _aBMVA _b1 _vViana do Alentejo _xPsicologia _y25 _eLivro _10 _31 |
||
| 990 | _cLIVROS | ||